| 000 | 00471nam a2200193Ia 4500 | ||
|---|---|---|---|
| 005 | 20240823063121.0 | ||
| 008 | 240823s9999||||xx |||||||||||||| ||und|| | ||
| 041 | _aENGLISH | ||
| 082 | _A658.45 N6 | ||
| 100 | _aLudlow.Ron | ||
| 245 | 4 | _aThe Essence of Effective Communication | |
| 250 | _a1st | ||
| 260 |
_c1996 _b"PHI,New Delhi" |
||
| 500 | _aYES | ||
| 650 |
_aCommunication _bManagement Studies |
||
| 700 | _a" Panton,Fergus" | ||
| 942 | _cBK | ||
| 999 |
_c237485 _d237485 |
||